000 00316nam a22001337a 4500
008 180917b xxu||||| |||| 00| 0 eng d
020 _a9780976308829
041 _aeng
080 _a610
100 _a2
101 _aSHM
245 _aPersectives On Poverty And Health Care
_cBurger.J.M
942 _2udc
_cBK
999 _c47829
_d47829